000 01595nam a2200325 c 4500
003 BLK
005 20230411030321.0
008 180411b bul|||||r ||||||| ||bul||
010 _aKNG00194968000
040 _aBLK
041 _aBUL
_cBUL
080 _aНационалноосвободителното движение в България (1856-1877)
_b94(497.2)"1856/1877"
_x(092)
_z94(497.2)"1856/1877"(092)
080 _aБългарска литература
_b821.163.2
_x-4
_z821.163.2-4
080 _aВасил Иванов Кунчев, известен и като Апостола на свободата, идеолог и организатор на българската национална революция, национален герой
_b929 Левски, Васил
_x
_z929 Левски, Васил
100 1 _aЯворски, Митко
_eпърви автор
_gГатев, Гатьо Петков
_9379676
139 _aЯворски, Митко
_bЛ 36
245 1 0 _aКнига за Левски
_cМитко Яворски.
257 _aBGR
260 Пловдив
_bХристо Г. Данов
_c1987
300 _a384 с.
_c21 см
380 _a9
500 _aАвт. не е отбелязан на кор. - 16 137 тир.
650 4 _aНационалноосвободително движение - България - дейци
_9243361
852 _aЦб 148611
856 4 _qpdf
_u
856 4 _qpdf
_u
942 _cKNG
_n0
_01
944 _aCR
_c02.11.2016
_kВася_Ганчева
944 _aED
_c02.11.2016
_kВася_Ганчева
999 _c185974
_d185974